000 00712nam a2200217Ia 4500
003 GCL
005 20240530102353.0
008 140319s9999 xx 000 0 ara d
040 _aGCL /
_cGCL
082 0 4 _a811.0095
_bق ن
100 0 _aقاسم مومنى
245 1 0 _aنقد الشعر فى القرن الرابع الهجرى /
_cقاسم مومنى
260 _a[S.N] :
_bدار الثقافة للنشر والتوزيع ،
_c1987
300 _a406 ص
650 0 4 _aالشعر العربى
650 0 4 _aالادب العربى
650 0 4 _aالدولة العباسية الثانية
650 0 4 _aالقرن الرابع الهجرى
650 0 4 _aتاريخ ونقد
942 _2ddc
_cBK
999 _c31769
_d31769